Bílé přeludy na vlnách : antologie finské lyriky /

Antologie je pro české čtenáře první možností obšírněji se seznámit s finskou poezií.

Další autoři: Švec, Michal, 1984-, Fárová, Lenka, 1970-, Hanušová, Jitka, 1982-, Kovář, Michal, 1974-, Kujal, Petr, Mokrý, Martin, Parente-Čapková, Viola, 1966-, Stašová, Ema, 1986-, Štollová, Alžběta, 1981-, Mendelová, Ivona, 1995-
Jazyk: Čeština
Vydáno: Červený Kostelec : Pavel Mervart, 2020
Témata:
Fyzický popis: 323 stran ; 22 cm
Knihy
Uloženo v:
LEADER 03403nam a2200661 i 4500
001 nkc20213324079
003 CZ PrNK
005 20250922155727.0
007 ta
008 210512s2020 xr g 000 p cze
015 |a cnb003324079 
020 |a 978-80-7465-467-1  |q (vázáno) 
035 |a (OCoLC)1260124077 
040 |a ABG001  |b cze  |d ABA001  |e rda 
041 1 |a cze  |h fin  |h swe 
045 |a t-x- 
072 7 |a 821.51  |x Uraloaltajské literatury  |2 Konspekt  |9 25 
080 |a 821.511.111-1  |2 MRF 
080 |a 821.113.6(480)-1  |2 MRF 
080 |a (0:82-14)  |2 MRF 
080 |a (082.21)  |2 MRF 
245 0 0 |a Bílé přeludy na vlnách :  |b antologie finské lyriky /  |c Michal Švec (ed.) ; z finštiny a švédštiny přeložili: Lenka Fárová, Jitka Hanušová, Michal Kovář, Petr Kujal, Martin Mokrý, Viola Parente-Čapková, Ema C. Stašová, Alžběta Štollová, Michal Švec, Ivona Mendelová Zorn 
246 3 0 |a Antologie finské lyriky 
264 1 |a Červený Kostelec :  |b Pavel Mervart,  |c 2020 
300 |a 323 stran ;  |c 22 cm 
336 |a text  |b txt  |2 rdacontent 
337 |a bez média  |b n  |2 rdamedia 
338 |a svazek  |b nc  |2 rdacarrier 
504 |a Obsahuje bibliografii 
520 2 |a Antologie je pro české čtenáře první možností obšírněji se seznámit s finskou poezií.  |b V historické perspektivě představuje antologie tvorbu nejvýznamnějších básníků a básnířek od poloviny 16. století, tedy od počátku finskojazyčné písemné kultury, až po 80. léta 20. století. Na jednotlivých textech lze sledovat, jak a kdy finská lyrika reagovala na evropské literární směry a proudy a jakým způsobem a ve kterých obdobích reflektovala domácí tradici, především bohaté dědictví lidové slovesnosti. Ze 74 ve Finsku kanonických autorů a autorek zastoupených v antologii promlouvají mnozí v češtině vůbec poprvé. Nakladatelská anotace. Kráceno. 
648 7 |a 16.-20. století  |7 ch757031  |2 czenas 
650 0 7 |a finská poezie  |7 ph120249  |y 16.-20. století  |2 czenas 
650 0 7 |a finská poezie (švédsky)  |7 ph202162  |y 16.-20. století  |2 czenas 
650 0 9 |a Finnish poetry  |y 16th-20th centuries  |2 eczenas 
650 0 9 |a Finnish poetry (Swedish)  |y 16th-20th centuries  |2 eczenas 
655 7 |a finská poezie  |7 fd132266  |2 czenas 
655 7 |a finská poezie (švédsky)  |7 fd1013784  |2 czenas 
655 7 |a lyrická poezie  |7 fd132781  |2 czenas 
655 7 |a antologie  |7 fd131819  |2 czenas 
655 9 |a Finnish poetry  |2 eczenas 
655 9 |a Finnish poetry (Swedish)  |2 eczenas 
655 9 |a lyric poetry  |2 eczenas 
655 9 |a anthology  |2 eczenas 
700 1 |a Švec, Michal,  |d 1984-  |7 mzk2007423828  |4 edt  |4 trl 
700 1 |a Fárová, Lenka,  |d 1970-  |7 jn20010310224  |4 trl 
700 1 |a Hanušová, Jitka,  |d 1982-  |7 pag2008414658  |4 trl 
700 1 |a Kovář, Michal,  |d 1974-  |7 js20060317009  |4 trl 
700 1 |a Kujal, Petr  |7 xx0236229  |4 trl 
700 1 |a Mokrý, Martin  |7 jo20251274169  |4 trl 
700 1 |a Parente-Čapková, Viola,  |d 1966-  |7 jn20020723002  |4 trl 
700 1 |a Stašová, Ema,  |d 1986-  |7 xx0191304  |4 trl 
700 1 |a Štollová, Alžběta,  |d 1981-  |7 mub2011671410  |4 trl 
700 1 |a Mendelová, Ivona,  |d 1995-  |7 xx0236230  |4 trl 
910 2 |a BOA001  |b 2-1474.225 
920 |a 4594747  |z ABG001 
990 |a BK 
995 |a 01 
996 6 |b 2610881307  |c 2-1474.225  |l MZK  |r Sklad / do 1 hodiny  |n 0  |p p.v.  |w 001865289  |u 000010  |a 1  |e BOA001  |j MZK50  |s P